[Event "Moscow Tal Memorial 1st"]
[Site "Moscow"]
[Date "2006.11.06"]
[Round "1"]
[White "Shirov, Alexei"]
[Black "Mamedyarov, Shakhriyar"]
[Result "1/2-1/2"]
[WhiteElo "2720"]
[BlackElo "2728"]
[Annotator "Lukacs/Hazai"]
[PlyCount "67"]
[EventDate "2006.11.06"]
[EventType "tourn"]
[EventRounds "9"]
[EventCountry "RUS"]
[EventCategory "20"]
[SourceTitle "CBM 116"]
[Source "ChessBase"]
[SourceDate "2007.02.01"]
[SourceVersion "1"]
[SourceVersionDate "2007.02.01"]
[SourceQuality "1"]

1. e4 e5 2. Nf3 Nc6 3. Bb5 a6 4. Ba4 Nf6 5. O-O Be7 6. Re1 b5 7. Bb3 d6 8. c3
O-O 9. h3 Nb8 10. d4 Nbd7 11. Nbd2 Bb7 12. Bc2 Re8 13. Nf1 Bf8 14. Ng3 g6 15.
b3 d5 16. Bg5 h6 17. Bh4 g5 18. Nxg5 hxg5 19. Bxg5 exd4 $1 20. e5 $1 Rxe5 21.
Rxe5 Nxe5 22. cxd4 Nc6 $1 23. Nh5 $1 {This is still the main line. However the
situation is extremely complicated.} Be7 (23... Bg7 24. Qd3 Kf8 (24... Nb4 25.
Nxf6+ Bxf6 26. Qh7+ Kf8 27. Re1 $18) 25. Bxf6 Bxf6 {- 23...Be7}) 24. Bxf6 (24.
Bh6 $143 Qd6) 24... Bxf6 25. Qd3 Kf8 (25... Bxd4 26. Qh7+ Kf8 {- 25...Kf8}) 26.
Qh7 Bxd4 27. Qh6+ (27. Re1 $143 Qg5 $19) 27... Ke8 {This looks more flexible,
although} (27... Ke7 {is messy, too.} 28. Re1+ Ne5 29. Qf6+ (29. Ng7 Qh8 (29...
Kd7 {- 27...Ke8})) 29... Kf8 30. Qg7+ (30. Qh8+ Ke7 31. Qf6+ {repetition of
moves} (31. Rxe5+ Kd7 $1 (31... Bxe5 32. Qxe5+ {- 30.Qg7}) 32. Bf5+ Kc6 33.
Qxd8 Rxd8 34. Re7 Rf8 $15)) 30... Ke7 31. Rxe5+ Bxe5 (31... Kd6 32. Qh6+ Kxe5 (
32... Kc5 33. Rf5 $14) 33. Qf4+ Ke6 34. Bf5+ Ke7 35. Qxd4 $44) 32. Qxe5+ Kf8
33. Nf6 (33. Ng3 Bc8) 33... Qe7 34. Qg5 Qe1+ (34... Qe2 35. Nd7+ Ke8 36. Bf5
$44) 35. Kh2 Qxf2 36. Nh7+ Ke8 37. Qe5+ Kd8 38. Nf6 Bc6 39. Nxd5 Bxd5 40. Qxd5+
Ke7 41. Qe4+ Kd7 42. Qxa8 Qxc2 43. Qxa6 $14) 28. Re1+ {Black now has two
possibilities.} Ne5 {Mamedyarov knows what he is doing...} (28... Ne7 $5 {
See the last game!}) 29. Bf5 (29. Nf6+ Ke7 30. Qf4 (30. Ng4 Qh8) 30... Kd6 31.
b4 (31. Ng4 Qh8) (31. Rd1 Bb2) 31... Qe7 32. Rd1 Bb6 $17) (29. Ng7+ Kd7 (29...
Ke7 30. Nf5+ $18) 30. Bf5+ Ke7 31. Bh7 $1 (31. Qh4+ Kd6 $1 (31... Kf8) 32. Qxd4
Qf6 $36) (31. Qf4 Kd6 32. Bg4 Bc3 (32... Bb2 33. Re2 Bc3 (33... Ba1 34. Nf5+
Kc6 35. Rc2+ Kb6 36. Qe3+ d4 37. Qxe5 Bc3 $15) 34. Nf5+ Kc5 (34... Kc6 35. Rc2
d4 36. Nxd4+ Kb6 37. Rxc3 Nxg4 38. Qxg4 $16) 35. Rc2 d4 36. Rxc3+ dxc3 37. b4+
Kd5 38. Ne3+ Kc6 (38... Kd6 39. Qd4+ Ke7 40. Qxe5+ Kf8 41. Qh8+ Ke7 42. Nf5+
$18) 39. Qxe5 Qd6 40. Qxc3+ Kb6 41. Nf5 Qd5 (41... Qf8 42. Qe3+ c5 43. Ne7) 42.
Ne3 (42. Qe3+ c5) (42. Bf3 Qxf5 43. Qd4+ c5 44. Qd6+ Ka7 45. bxc5 Qe6 46. Qc7
Rb8 47. c6 Qxa2 48. cxb7 Qa1+ 49. Kh2 Qf6 $17) 42... Qd6 $11)) 31... Kd7 32.
Bf5+ $11 {repetition of moves}) 29... Qd6 (29... c5 30. Kf1 Bc3 (30... Qe7 31.
Nf6+ Kd8 32. Ng8 $18) 31. f4 Qe7 (31... Bxe1 32. Ng7+ Ke7 33. fxe5 $18) 32.
Nf6+ Kd8 33. Ng8 Ng4 34. Qb6+ Qc7 35. Re8+ Kxe8 36. Qxc7 Ne3+ 37. Ke2 Nxf5 38.
Qxb7 $18) (29... Ke7 30. Qf4 $1 (30. Qf6+ Kf8 31. Qg7+ Ke7 32. Rxe5+ Kd6 (32...
Bxe5 33. Qxe5+ Kf8 34. Nf6 (34. Be6 d4) 34... Qd6 35. Nd7+ Kg8 36. Qe3 f6 37.
Qh6 $18) 33. Qh6+ Kc5 34. Re2 b4 $13) 30... c5 31. Rxe5+ Bxe5 32. Qxe5+ Kf8 33.
Nf6 $44) 30. Qg5 c5 31. Nf6+ (31. Kf1 $5 {looks interesting, but it requires
detailed analysis. Here are some sample lines.} b4 (31... Bc8 32. Nf6+ Kd8 33.
Nxd5+ Ke8 34. Be4 $40) 32. f4 (32. Nf6+ Kd8 33. Nxd5+ Ke8) 32... a5 33. Nf6+
Kd8 34. Nxd5+ Ke8 35. Qg8+ Qf8 36. Nc7+ Ke7) 31... Kd8 32. Nxd5+ Ke8 33. Nf6+ {
and the draw is inevitable.} Kd8 34. Nd5+ 1/2-1/2

[Event "Moscow Tal Memorial 1st"]
[Site "Moscow"]
[Date "2006.11.11"]
[Round "5"]
[White "Grischuk, Alexander"]
[Black "Mamedyarov, Shakhriyar"]
[Result "1/2-1/2"]
[WhiteElo "2710"]
[BlackElo "2728"]
[Annotator "Lukacs/Hazai"]
[PlyCount "68"]
[EventDate "2006.11.06"]
[EventType "tourn"]
[EventRounds "9"]
[EventCountry "RUS"]
[EventCategory "20"]
[SourceTitle "CBM 116"]
[Source "ChessBase"]
[SourceDate "2007.02.01"]
[SourceVersion "1"]
[SourceVersionDate "2007.02.01"]
[SourceQuality "1"]

1. e4 e5 2. Nf3 Nc6 3. Bb5 a6 4. Ba4 Nf6 5. O-O Be7 6. Re1 b5 7. Bb3 d6 8. c3
O-O 9. h3 Nb8 10. d4 Nbd7 11. Nbd2 Bb7 12. Bc2 Re8 13. Nf1 Bf8 14. Ng3 g6 15.
b3 d5 16. Bg5 h6 17. Bh4 g5 18. Nxg5 hxg5 19. Bxg5 exd4 $1 20. e5 $1 Rxe5 21.
Rxe5 Nxe5 22. cxd4 Nc6 $1 23. Qd3 {It is very interesting, what Mamedyarov
said after the game. He forgot his home analysis; he has so many variations...
However he believed that White has no more than a draw!} (23. Nh5 $1 {is still
the main line, but the consequences are unclear.}) 23... Nb4 24. Qf3 (24. Bxf6
$6 Nxd3 25. Bxd8 Nb4 26. Bf6 Nxc2 27. Rc1 Nb4 28. Rxc7 Bc8 $17) 24... Be7 (
24... Nxc2 $2 {Ftacnik} 25. Bxf6 Qxf6 26. Qxf6 Nxa1 27. Qg5+ Kh8 28. Nh5 $1 Re8
29. Nf6 Re1+ 30. Kh2 Bd6+ 31. g3 $18) 25. Bb1 (25. Nf5 {is another tempting
idea, but it only leads to a repetition of moves after} Nxc2 26. Nxe7+ Qxe7 27.
Bxf6 Qe4 28. Qg3+ Qg6 (28... Kf8 $2 29. Qg7+ Ke8 30. Qg8+ Kd7 31. Qxf7+ Kc6 32.
Rc1 Kb6 33. Qe7 $18) 29. Qh4 Qh7 30. Qg5+ Qg6 (30... Kf8 $2 31. Rc1) 31. Qh4 {
repetition of moves}) 25... Bc8 $6 (25... Ne4 $1 {Ftacnik. This is the
critical line here.} 26. Bxe7 (26. Be3 Qd6 $15) 26... Qxe7 27. a3 Nc6 (27...
Ng5 28. Qg4 $36) 28. Nxe4 Nxd4 {is another try with again a drawish result
after} (28... dxe4 29. Bxe4 Qd6 30. Re1 $44 (30. Rc1 Re8 $1 31. Bd5 Re7 $17))
29. Qg4+ Kf8 30. Qh5 Kg7 31. Qg4+ Kf8 $11 {repetition of moves}) 26. Qf4 (26.
Bf5 $1 {Ftacnik. White wants to create a stronghold for his N on f5, therefore
the exchange of the light-squared bishops helps him.} Be6 (26... Nc6 27. Bxc8
Rxc8 28. Nf5 $16) (26... Ne4 27. Bxe7 Qxe7 28. Bxc8 Rxc8 29. Qg4+ $18) 27. Re1
Ne4 (27... Nc6 28. Bxf6 Bxf6 29. Rxe6 $3 {This is the beautiful continuation
of the ->. White's following moves are far from trivial...} fxe6 30. Bxe6+ Kf8
31. Nf5 Qe8 32. Bxd5 Nxd4 33. Nxd4 Qe1+ 34. Kh2 Qe5+ 35. g3 Qxd4 36. Bxa8 $18)
28. Bxe7 Qxe7 29. Nxe4 Bxf5 30. Qxf5 dxe4 31. Rxe4 Qd6 32. Rh4 Re8 (32... Rd8
33. Qg5+ $18) 33. Qh7+ Kf8 34. Qh8+ Ke7 35. Re4+ $18) 26... Ne4 (26... a5 $5 {
is again interesting.}) 27. Bxe7 Qxe7 28. a3 (28. Nxe4 dxe4 29. Bxe4 c6 $1 30.
Rc1 (30. Re1 {Ftacnik} Be6 31. Re3 (31. Bf5 Qf6 32. Qg4+ Kf8 $1 33. Bxe6 Re8
$17) 31... Kf8 32. Qe5 $11) 30... Nd5 31. Bxd5 cxd5 32. Rxc8+ Rxc8 33. Qg4+ Kh7
34. Qf5+ Kg7 35. Qxc8 Qe1+ 36. Kh2 Qxf2 37. Qg4+ $16 {and the Q _|_ clearly
favours White because of the extra P.}) 28... Nc6 29. Bxe4 $6 ({Missing the
last chance} 29. Nxe4 $1 {Ftacnik} dxe4 30. Bxe4 Nxd4 (30... Bb7 31. Re1 $40) (
30... Bd7 31. Re1 $40) 31. Qg3+ $1 Kf8 32. Qe3 $1 Nf5 (32... Qf6 33. Rd1 $16)
33. Qf4 $1 {This was an excellent Q manoeuvre!} Qf6 34. Re1 Rb8 35. Bxf5 Bxf5
36. Re5 $16) 29... dxe4 $11 30. Nh5 (30. Rc1 $2 Nxd4 31. Rxc7 Ne6 32. Qg4+ Qg5
$19) 30... Qd6 31. Nf6+ Kf8 32. Qh6+ Ke7 33. Ng8+ Ke8 34. Nf6+ {White has to
take the perpetual checks.} Ke7 1/2-1/2

[Event "EU-ch 17th"]
[Site "Gjakova"]
[Date "2016.05.19"]
[Round "7"]
[White "Palac, Mladen"]
[Black "Swiercz, Dariusz"]
[Result "1-0"]
[WhiteElo "2577"]
[BlackElo "2656"]
[Annotator "Marin,M"]
[PlyCount "103"]
[EventDate "2016.05.12"]
[EventType "swiss"]
[EventRounds "11"]
[EventCountry "KOS"]
[SourceTitle "CBM 173"]
[Source "ChessBase"]
[SourceDate "2016.07.12"]
[SourceVersion "1"]
[SourceVersionDate "2016.07.12"]
[SourceQuality "1"]

1. e4 e5 2. Nf3 Nc6 3. Bb5 a6 4. Ba4 Nf6 5. O-O Be7 6. Re1 b5 7. Bb3 O-O 8. c3
d6 9. h3 Nb8 10. d4 Nbd7 11. Nbd2 Bb7 12. Bc2 Re8 13. Nf1 Bf8 14. Ng3 g6 15.
Bg5 {This move came into the limelight after Fischer used it to obtain a
brilliant win in the first game of his return match against Spassky.} h6 {
Some players prefer doing without this weakening move, but allowing White to
consolidate his bishop on g5 has its minuses.} ({As many times in the Breyer,} 
15... c5 {is somewhat premature since White has not weakened his queenside
with a2-a4 yet.} 16. d5 c4 17. Qd2 Qc7 18. Nh2 {White prepares his kingside
attack systematically, while for Black it is not easy to open the queenside.
With a2-a4 on the board he could try forcing White to open the a-file with ...
Nc5, ...Nf6-d7-b6.} Bg7 19. Rf1 Rf8 20. Kh1 Kh8 21. f4 exf4 22. Rxf4 Ng8 23.
Rf2 Ne5 24. Nf3 $14 {Bacrot,E (2728)-Postny,E (2648) Le Port Marly 2009 (1-0,
45)}) (15... Bg7 16. Qd2 Qe7 17. b3 c6 18. a4 (18. Rad1 Qf8 19. a4 Rad8 20. Qc1
h6 21. Be3 Kh7 22. b4 Re7 23. axb5 cxb5 $6 24. d5 $14 {[%csl Gb7] Karjakin,S 
(2706)-Kamsky,G (2725) Nice 2009 (1-0, 52)}) 18... Nf8 19. b4 Ne6 20. Be3 Qc7
21. Bb3 Nd7 22. Bh6 $14 {Balogh,C (2608)-Olszewski,M (2549) Katowice 2010 EXT
2016 [RR] (1-0, 36)}) 16. Bd2 {With the e4-pawn hanging the bishop cannot
retreat to e3. But d2 is not such a bad square, since the bishop can be
effective in the event of a queenside attack based on b2-b4.} Bg7 17. Qc1 ({
In the aforementioned game Fischer preferred striking on the queenside at once.
} 17. a4 c5 18. d5 c4 19. b4 cxb3 {More or less forced.} ({Spassky played the
passive} 19... Nh7 {allowing Fischer to produce a model game for this
structure.} 20. Be3 h5 21. Qd2 Rf8 22. Ra3 {The start of an impressive
migration of White's pieces to the queenside.} Ndf6 23. Rea1 Qd7 24. R1a2 Rfc8
25. Qc1 Bf8 26. Qa1 Qe8 27. Nf1 Be7 28. N1d2 Kg7 29. Nb1 $3 {Suddenly the
b5-pawn is in danger. Spassky did not find anything better than sacrificing a
piece (something which he used to do quite often) but failed to level the
chances.} Nxe4 30. Bxe4 f5 31. Bc2 Bxd5 {Fischer,R (2785)-Spassky,B (2560)
Belgrade 1992 CBM 031 [Chandler,M] (1-0, 50)}) 20. Bxb3 Nc5 21. c4 {This is
one of the moments when the bishop proves useful on d2, by preventing the
blocking ...b5-b4.} Qd7 22. cxb5 axb5 23. a5 Reb8 $1 {The start of a coherent
regrouping, aimed at neutralising White's slight pressure.} 24. Bc2 Bc8 25. Rb1
Qd8 26. Qc1 Kh7 27. Qa3 Ne8 28. Ne2 Nc7 29. Nc3 Bd7 30. Na2 N7a6 31. Nb4 Be8 {
Black has equalised completely. All his pieces stand well and the structure is
rock solid.} 32. Ra1 Nxb4 33. Qxb4 Na6 34. Qb3 Nc5 35. Qb4 Na6 36. Qb3 Nc5 37.
Qb4 {1/2-1/2 Vachier Lagrave,M (2765)-Adams,M (2744) London 2015}) 17... Kh7 ({
The weakening} 17... h5 {is not as bad as it looks. In many cases White has to
count with ...h5-h4, undermining the e4-pawn.} 18. Bg5 Nf8 19. Qd2 Qe7 20. Bh6
N6h7 21. b4 Bxh6 22. Qxh6 Qf6 23. Rad1 a5 $132 {Adhiban,B (2619)-Baramidze,D 
(2612) Tromso 2014 (1/2-1/2, 127)}) 18. a4 ({In his turn, White has
occasionally tried advancing hs h-pawm:} 18. h4 exd4 19. cxd4 c5 20. e5 dxe5
21. dxe5 Ng4 22. e6 Rxe6 23. Rxe6 fxe6 24. h5 {Smirin,I (2658)-Eljanov,P (2753)
Ashdod 2015 (1-0, 46)} Nde5 $1 25. hxg6+ Kg8 {Black has parried the attack,
retaining a centralised position and a dangerous queenside majority.}) 18... c5
19. d5 c4 20. b4 {A slightly modified implementing of Fischer's idea.} (20. Be3
{is equivalent to losing a few tempi with respect to the Breyer main line,
since White needs to re-locate his dark-squared bishop and his queen.} Nc5 21.
Nd2 Qc7 22. Qd1 Nfd7 23. Qf3 {1/2-1/2 Klovans,J (2441)-Butnorius,A (2402)
Hockenheim 2007}) 20... cxb3 21. Bxb3 Nc5 22. Qa3 $146 ({This looks more
active than} 22. Qb1 {as in a game between lower rated players Olson,H (2079)
-Shafi,D (1908) Edinburgh 2015 (1-0, 37)}) 22... Nfd7 {Now and later Black is
not interested in exchanging on b3. His knights are useful for maintaining
stability on dark squares while the Spanish bishop is not doing much at the
moment. Moreover, after ...Nxb3 Qxb3 the b5-pawn would be in danger.} 23. Be3
Qc7 24. Reb1 Reb8 {The same way of regrouping as in the game Vachier-Adams
above.} ({But it would make sense to put some pressure on the c-file, too, for
instance} 24... Rec8 25. Nd2 Nd3 26. Bc2 Nf4 $132 {[%csl Gc3]}) 25. Nd2 Nb6 {
Forcing White to clear up matters on the queenside.} ({In the absence of
threats on the c-file} 25... Nd3 {does not work out so well:} 26. Bc2 Nf4 27.
axb5 axb5 28. Qb4 $14) 26. a5 $5 {An interesting concept. After the
predictable c3-c4 White will keep the threat cxb5 in reserve but not execute
it in order to avoid clearing the a6-square for the enemy minor pieces.} ({If} 
26. axb5 axb5 27. Qb4 {Black's pieces prove being in the right places:} Ba6 28.
Bc2 Nc4 29. Nxc4 bxc4 30. Qa5 Rxb1+ 31. Bxb1 Qxa5 32. Rxa5 Nb3 33. Ra3 Bf6 $11
{[%cal Gf6g5]}) 26... Nbd7 27. Bc2 Bc8 28. Rb4 ({It does not make sense to
hurry with} 28. c4 {since as said White does not intend to exchange on b5:} Nf6
{[%cal Gc8d7,Gd7b5]} 29. Nb3 (29. cxb5 axb5 {[%cal Gc5a6,Gf6d7,Gd7c5]}) 29...
Nfd7 (29... b4 30. Qa2 Bd7 31. Nxc5 dxc5) 30. cxb5 axb5 31. Qb4 Na6 32. Qd2
Ndc5 $11) 28... Bf6 {Hoping to exchange the dark-squared bishops which would
solve most of Black's strategic problems.} ({But a more constructive way of
doing it was} 28... h5 29. Nf3 (29. c4 Bh6 $11) 29... Bh6 30. Ng5+ Kg7 31. Qc1
Kg8 {[%cal Gd7f6,Gh5h4] With his pieces split between the opposite wings,
White has problems starting an attack on either side.}) 29. c4 (29. Nf3 $5)
29... Qd8 ({Missing his second chance.} 29... Bg5 $1 30. Bxg5 hxg5 31. Nf3 f6
32. Nf1 {[%cal Gf1e3,Ge3g4]} Nf8 33. Ne3 Bd7 {For the time being the f8-knight
has no moves but Black has a simple plan of clearing its path to freedom} 34.
Nd2 bxc4 35. Ndxc4 Rxb4 36. Qxb4 Bb5 {[%cal Gf8d7] With his last move Black
obviously intended to exchange the bishops without getting the doubled pawns,
but White can prevent this by simple means.}) 30. Nf3 $1 Rb7 ({Exchanging the
bishop for the f3-knight is too risky:} 30... Bg5 31. Nxg5+ hxg5 32. Nf1 f6 33.
Nd2 $16 {The unchallenged e3-bishop keeps both enemy wings under observation
while the reserve knight is rushing to the queenside}) 31. Nf1 Bg7 $6 {
Preparing a risky plan, ...f7-f5.} ({Black would have retained a viable
position by admitting that something had gone wrong in the previous phase.} 
31... Rab8 32. Rab1 Qc7 {[%csl Ga5][%cal Gf6d8]}) 32. N1d2 Qf8 $6 33. Rab1 f5
$2 {Throwing away a pawn without any reason.} ({But due to the uninspired
regrouping over the past couple of moves, Black had already started
experiencing some problems:} 33... Rab8 34. cxb5 ({It is not easy to find any
neutral move strengthening the position. For instance} 34. R1b2 $6 {places the
rook on a vulnerable square.} f5 35. exf5 gxf5 36. cxb5 Rxb5 37. g4 e4 38. Nd4
f4 $132) 34... Rxb5 35. Ne1 $14 {[%cal Ge1d3] The queen and bishop are badly
missed on the queenside.}) 34. cxb5 axb5 35. Rxb5 Rxb5 36. Rxb5 $18 {The game
is basically over. White has a strong extra pawn and Black's kingside play is
not too promising.} Ba6 37. Rb1 f4 38. Bxc5 Nxc5 39. Nb3 Nb7 40. Qb4 Bf6 41.
Ne1 Qc8 42. Bd3 Bd8 43. Rc1 Qd7 44. Bxa6 Rxa6 45. Qc4 Ra7 46. a6 Na5 47. Nxa5
Bxa5 48. Nd3 Qd8 49. Rb1 Qa8 50. Qc6 Rxa6 51. Rb7+ Kh8 52. Qb5 {[%cal Gb7b8]} (
{Even more convincing than} 52. Qd7 {when Black could play one more desperate
move} Qg8 $18) 1-0